000 00419nam a22001697a 4500
003 CEME
005 20210628205229.0
008 210216b xxu||||| |||| 00| 0 eng d
020 _a0-333-69260-8
040 _c.
082 _a658.4032 DHI'M
100 _aDhillon, Garpreet
_974497
245 _aManaging information system security
260 _aLONDON
_bMACMILLAN
_c1997
300 _aVIII,210P
942 _cBK
_2ddc
999 _c580020
_d580020